000 00322nam a2200133Ia 4500
005 20260328101516.0
008 260328s9999||||xx |||||||||||||| ||und||
100 _aCrouvezier, G.
245 0 _aSaint-Remi de reims /
_cG. Crouvezier
260 _bL'Auteur
300 _a30 p.
650 _aARQUITECTURA GÓTICA
942 _cBK
999 _c9381
_d9381